Liderazgo escolar y desarrollo profesional de docentes. Aportes para la mejora de la escuela.mejora de la escuela
সংরক্ষণ করুন:
| অন্যান্য লেখক: | , |
|---|---|
| বিন্যাস: | অজ্ঞাত |
| ভাষা: | ইংরেজি |
| প্রকাশিত: |
Santiago, Chile.
Universidad de Concepción- RiL editores,
2014
|
| বিষয়গুলি: | |
| ট্যাগগুলো: |
ট্যাগ যুক্ত করুন
কোনো ট্যাগ নেই, প্রথমজন হিসাবে ট্যাগ করুন!
|
MARC
| LEADER | 00000 a2200000 4500 | ||
|---|---|---|---|
| 003 | CL-VaPUC | ||
| 005 | 20211228130326.0 | ||
| 008 | 210121b ||||| |||| 00| 0 eng d | ||
| 999 | |c 431987 |d 431985 | ||
| 020 | |a 978-9560101464 | ||
| 040 | |c Pontificia Universidad Católica de Valparaíso | ||
| 082 | |a 371.20 ULL 2014 | ||
| 100 | |a Ulloa, Jorge |9 857313 |e editor | ||
| 245 | |a Liderazgo escolar y desarrollo profesional de docentes. |b Aportes para la mejora de la escuela.mejora de la escuela | ||
| 260 | |a Santiago, Chile. |b Universidad de Concepción- |b RiL editores, |c 2014 | ||
| 300 | |a 209 páginas | ||
| 583 | |k Cristina Rojas |c 20210121 | ||
| 650 | |a Liderazgo educacional |z Chile |9 859545 | ||
| 650 | |a Administración escolar |z Chile |9 859546 | ||
| 650 | 0 | |a Profesores |x Formación profesional |z Chile |9 859547 | |
| 700 | |a Rodríguez, Simón |e editor |9 257389 | ||
| 852 | |a BIBCUR | ||
| 942 | |2 ddc |c BK | ||
| 952 | |0 0 |1 0 |2 ddc |4 0 |6 371_200000000000000_ULL_2014 |7 0 |8 A |9 577540 |a BIBEDU |b BIBEDU |d 2021-01-21 |e 3 |g 10520.00 |i 5582474 |o 371.20 ULL 2014 |p 5582474 |r 2021-01-21 |t 1 |v 10520.00 |w 2021-01-21 |y BK |k EBA | ||